ბათუმის შოთა რუსთაველის სახელმწიფო უნივერსიტეტის ბიბლიოთეკა

ჩანაწერი Personal Name

ჩანაწერთა რაოდენობა, რომელიც გამოყენებულია: 9

001 - CONTROL NUMBER

  • control field: 1425

003 - CONTROL NUMBER IDENTIFIER

  • control field: GE_BSU

005 - DATE AND TIME OF LATEST TRANSACTION

  • control field: 20190520160339.0

008 - FIXED-LENGTH DATA ELEMENTS

  • fixed length control field: 190520|| aca||aabn | a|a d

040 ## - CATALOGING SOURCE

  • Original cataloging agency: GE_BSU
  • Transcribing agency: GE_BSU

100 ## - HEADING--PERSONAL NAME

  • Personal name: თევზაძე,ნ

670 ## - SOURCE DATA FOUND

  • Source citation: Work cat.: (GE_BSU)37668: თევზაძე,ნ, საინჟინრო გეოდეზია : 10 ნაწილად. ნაწ. 1, სამყაროს ფიზიკური და გეომეტრიული ელემენტები